Najcenniejsze marki na świecie - Statystyki

Ogólne statystyki
  • Ten quiz został rozwiązany 20 razy
  • Średni wynik to 28 z 46
Statystyki odpowiedzi
Podpowiedź Marka Kategoria % Poprawnych
Iphone Apple technologia
100%
Big Mac Mcdonald's gastronomia
100%
Seria 3 BMW motoryzacja
94%
Klasa S Mercedes motoryzacja
94%
Galaxy Samsung technologia
94%
Corolla Toyota motoryzacja
94%
A3 Audi motoryzacja
88%
Focus Ford motoryzacja
88%
Windows Microsoft technologia
88%
Kraina Lodu Disney rozrywka
82%
Chrome Google technologia
82%
Civic Honda motoryzacja
82%
Core i9 Intel technologia
82%
Air Max Nike moda
82%
Qashqai Nissan motoryzacja
82%
Passat Volkswagen motoryzacja
82%
Prime Video Amazon handel
71%
Original Taste Coca Cola napoje
71%
Hot Wings KFC gastronomia
71%
Duplo Lego rozrywka
71%
Redmi Note Xiaomi technologia
71%
Tucson Hyundai motoryzacja
65%
Sportage KIA motoryzacja
65%
Cayenne Porsche motoryzacja
65%
PlayStation Sony technologia
65%
Cybertruck Tesla motoryzacja
65%
Stranger Things Netflix rozrywka
59%
Shorts Youtube technologia
59%
Stories Instagram technologia
53%
Nestea Nestle koncern
53%
Samba Adidas moda
47%
Switch Nintendo technologia
47%
Reels Facebook technologia
41%
Frappuccino Starbucks gastronomia
41%
Photoshop Adobe technologia
35%
Actimel Danone napoje
35%
ProGlide Gillette higiena
35%
Elseve L'Oreal kosmetyki
35%
OneBlade Philips technologia
35%
No. 5 Chanel moda
29%
Wrapped Spotify technologia
29%
Access Point UPS kurier
29%
Advanced White Colgate higiena
24%
Dolce Gusto Nescafe napoje
18%
Command 3M art. biurowe
6%
Kallax Ikea handel
6%
Nie znaleziono quizów pasujących do podanych kryteriów
Rozkład punktacji
Procent ludzi z każdym wynikiem
Percentyl według liczby udzielonych odpowiedzi
Twoja historia wyników
Nie rozwiązałeś tego quizu